Datum a čas kvízu
20
Celkem bodů
Celkový počet nahraných bodů na tomto kvízu bez doplňovacích otázek.
6.
Pořadí na kvízu
Konečné umístění týmu na tomto kvízu.
Zaznamenané odpovědi
| # | Otázka | Odpověď | Body | Výsledky |
|---|---|---|---|---|
| 1. | Počátkem minulého týdne se v č... | v Ostravě | 1 | |
| 2. | Kandidátka Zelených na německo... | negr | 0 | |
| 3. | Prvok, Šampón, Tečka a Karel j... | Patrik Hartl | 0 | |
| 4. | V pátek byl v Praze otevřen ob... | Zákazníci si zboží vybírají virtuálně. | 0 | |
| 5. | Jak se jmenuje první český oly... | Lukáš Rohan, stříbro | 0 | |
| 6. | V tomto tématu se zaměříme na... | Cyril Höschl | 0 | |
| 7. | V populaci se jako druhé nejča... | obsedantně kompulzivní | 1 | |
| 8. | Lék ze skupiny benzodiazepinů... | Xanax | 1 | |
| 9. | Depresivní poruchou trpí známý... | Jim Carrey | 0 | |
| 10. | Lithium se používá v psychiatr... | 1991 (Uznáváme 1989–93.) | 1 |